| 000 | 00440nam a2200181Ia 4500 | ||
|---|---|---|---|
| 001 | 23665 | ||
| 005 | 20260414150952.0 | ||
| 008 | 260414t2011||||xx |||||||||||||| ||spa|| | ||
| 041 | _aESP | ||
| 082 |
_a690 _bCH554 |
||
| 100 |
_aChinowsky, Paul S. _eAUT |
||
| 245 | 0 |
_aOrganization management in construction _b |
|
| 260 | _c2011 | ||
| 300 |
_axii, 204 páginas : _c25 cm. |
||
| 650 | _a0 | ||
| 654 | _aCIC | ||
| 942 |
_cLIB _dJUS _fJUS _2ddc _n |
||
| 999 |
_c23665 _d23665 |
||